000 00574nam a2200193Ia 4500
003 GCL
008 140319s9999 xx 000 0 ara d
040 _aGCL /
_cGCL
082 0 4 _aق
_b322.4
_bر د
100 1 _aرفعت سيد احمد
245 1 0 _aالدين والدولة والثورة /
_cرفعت سيد احمد
260 _a[S.N] :
_bالدار الشرقية ،
_c1989
300 _a318 ص
490 _a
650 0 4 _aثورة 23 يوليو 1952
650 0 4 _aالاخوان المسلمون
650 0 4 _aجمال عبدالناصر
942 _2ddc
_cBK
999 _c52848
_d52848